| 000 | 00512nam a22001817a 4500 | ||
|---|---|---|---|
| 005 | 20231228152913.0 | ||
| 008 | 231228b |||||||| |||| 00| 0 eng d | ||
| 020 | _a978-81-945700-5-9 | ||
| 041 | _aeng | ||
| 082 |
_21st _aF/610.73/VEN/B10681 _bVEN |
||
| 100 |
_aVenkatesan B and Others _9205505 |
||
| 245 | _aComprehensive Textbook On Nursing Foundation for GNM | ||
| 250 | _a1st | ||
| 260 |
_aBangalore _bEMMESS Pub. _c2023 |
||
| 300 |
_a400p _bPb _c27.5X21cm |
||
| 365 |
_aRupaye _b425.00 _cINR |
||
| 942 | _cBK | ||
| 999 |
_c356804 _d356804 |
||